MARC

LEADER 00000nam0a2200000 4500
001 350475
005 20231102010315.0
035 |a (RuTPU)RU\TPU\retro\4593 
090 |a 350475 
100 |a 20190205d1961 k y0rusy50 ca 
101 2 |a rus 
102 |a RU 
105 |a a z 001zy 
200 1 |a Неорганические полимеры  |e сборник переводов из иностранной периодической литературы  |f под ред. В. И. Спицына, И. Д. Колли 
210 |a Москва  |c Изд-во иностранной литературы  |d 1961 
215 |a 470 с.  |c ил. 
317 |5 63413507: КР-5898  |a Поступил в НТБ в 1987 г. в дар от вдовы ученого Е. К. Завадовской 
320 |a Библиография в конце статей 
606 1 |a Неорганические полимеры  |2 stltpush  |3 (RuTPU)RU\TPU\subj\3019  |9 31485 
610 1 |a высокомолекулярные неорганические соединения 
610 1 |a неорганические высокополимеры 
610 1 |a высокополимерные координационные соединения 
610 1 |a фосфонитрилхлорид 
610 1 |a фосфонитрилгалогениды 
610 1 |a библиотека А. А. Воробьева 
610 1 |a дары библиотеке 
675 |a 678.86  |v 4 
702 1 |a Спицын  |b В. И.  |4 340 
702 1 |a Колли  |b И. Д.  |4 340 
801 1 |a RU  |b 63413507  |c 20190205 
801 2 |a RU  |b 63413507  |c 20200213  |g RCR 
942 |c BK